Partition and Northeast India: a collection of papers (Record no. 17793)
[ view plain ]
| 000 -LEADER | |
|---|---|
| fixed length control field | 00287nam a2200109Ia 4500 |
| 082 ## - DEWEY DECIMAL CLASSIFICATION NUMBER | |
| Classification number | 954.041508 ASS-P |
| 100 ## - MAIN ENTRY--AUTHOR NAME | |
| Personal name | Assam University, Silchar |
| 245 #0 - TITLE STATEMENT | |
| Title | Partition and Northeast India: a collection of papers |
| 260 ## - PUBLICATION, DISTRIBUTION, ETC. (IMPRINT) | |
| Place of publication | Silchar |
| Name of publisher | Assam University |
| 300 ## - PHYSICAL DESCRIPTION | |
| Number of Pages | v.p. |
| 942 ## - ADDED ENTRY ELEMENTS (KOHA) | |
| Koha item type | Books |
| Source of classification or shelving scheme | Dewey Decimal Classification |
| Withdrawn status | Lost status | Damaged status | Not for loan | Home library | Current library | Date acquired | Source of acquisition | Bill Date | Full call number | Accession Number | Price effective from | Koha item type |
|---|---|---|---|---|---|---|---|---|---|---|---|---|
| NASSDOC Library | NASSDOC Library | 25/07/2011 | Gifted by : IC Division, ICSSR | 2011-07-04 | 954.041508 ASS-P | 47365 | 18/04/2019 | Books |
